000 00416nam a22001457a 4500
999 _c513981
_d513981
008 200924b ||||| |||| 00| 0 eng d
100 _aDev, Krishna
_917988
245 _aRural infrastructure in union budget, 2020-21
260 _aKurukshetra
300 _a68(5), Mar, 2020: p.20-24
650 _aBudget, Public expenditure
_917976
773 _aKurukshetra
906 _aPUBLIC FINANCE - INDIA
942 _cAR